00445nam a22001577a 4500008004100000040001800041041000800059100002600067245003600093260005700129300001800186650002000204650002100224650003000245651001200275130821s1946 xxc gr eng  aCo-BoUCMbspa00aeng aFarjeon, J. Jefferson00aGreenmaskcJ. Jefferson Farjeon aToronto (Ontario, Canadá)bW.M. Collins Sonsc1946 a192 páginas04aNovela francesa04aNovela policiaca04aNovela policiacazFrancia aFrancia